| 000 | nam a22 a 4500 | ||
|---|---|---|---|
| 999 |
_c1875 _d1875 |
||
| 003 | AKMAL | ||
| 005 | 20170512113037.0 | ||
| 008 | 170512s1995 my 00 eng d | ||
| 020 |
_a9679940748: _cRM 120.00 |
||
| 020 |
_a9679940756 (pbk.): _cRM 60.00 |
||
| 040 |
_aAKMAL _cAKMAL |
||
| 082 | 0 | 4 | _a345.595 MIM |
| 090 |
_a345.595 _bMIM |
||
| 245 | 1 | 0 |
_aCriminal procedure in Malaysia / _cMimi Kamariah Majid |
| 250 | _aSecond ed. | ||
| 260 |
_aKuala Lumpur : _bPenerbit Universiti Malaya, _c1995 |
||
| 300 |
_axlviii, 474p. ; _c26cm |
||
| 500 | _aIncludes index | ||
| 504 | _aBibliography: p. [467]-469 | ||
| 650 |
_aCriminal procedure _zMalaysia _93883 |
||
| 650 |
_aCriminal law _zMalaysia _93716 |
||
| 942 |
_2ddc _cBOOK |
||